[Event "Leyland 2-Day Weekend U1900"]
[Site "Leyland"]
[Date "2019.12.14"]
[Round "1"]
[White "Kobryn, Peter J"]
[Black "Sandhu, Manvith"]
[Result "0-1"]
[WhiteElo "1888"]
[BlackElo "1673"]
[PlyCount "99"]
[EventDate "2019.12.14"]
[EventType "swiss"]
[EventRounds "5"]
[EventCountry "ENG"]
[SourceTitle "EXT 2025"]
[Source "ChessBase"]
[SourceDate "2024.10.14"]
[SourceVersion "1"]
[SourceVersionDate "2024.10.14"]
[SourceQuality "1"]

1. Nf3 d5 2. d4 Nf6 3. c4 c6 4. Nc3 e6 5. Bg5 h6 6. Bxf6 Qxf6 7. e3 g6 8. Bd3 Bg7 9. 0-0 Qe7 10. Rc1 Nd7 11. cxd5 exd5 12. Qc2 0-0 13. Rfe1 Nf6 14. e4 dxe4 15. Nxe4 Nxe4 16. Bxe4 Qd6 17. Qb3 Rb8 18. h3 Be6 19. Qe3 Rbd8 20. Red1 a6 21. Bb1 Rfe8 22. Ne5 Bd5 23. Qg3 Bxe5 24. dxe5 Qxe5 25. Qxe5 Rxe5 26. Re1 Rde8 27. Rxe5 Rxe5 28. Kf1 Kg7 29. b3 Kf6 30. Bd3 Kg5 31. g3 Kf6 32. Bc4 Bxc4+ 33. Rxc4 a5 34. Rc3 Ke6 35. Rc4 f5 36. h4 h5 37. Rc3 Kd6 38. Rc4 b5 39. Rc3 Re6 40. Rc2 Kd5 41. a3 c5 42. Rd2+ Kc6 43. Rd8 c4 44. bxc4 bxc4 45. Rb8 Kc5 46. a4 c3 47. Rb5+ Kc4 48. Rb7 c2 49. Rc7+ Kb3 50. Rxc2 0-1

[Event "Leyland 2-Day Weekend U1900"]
[Site "Leyland"]
[Date "2019.12.14"]
[Round "2"]
[White "Pal, Rohan"]
[Black "Kobryn, Peter J"]
[Result "0-1"]
[WhiteElo "1430"]
[BlackElo "1888"]
[PlyCount "92"]
[EventDate "2019.12.14"]
[EventType "swiss"]
[EventRounds "5"]
[EventCountry "ENG"]
[SourceTitle "EXT 2025"]
[Source "ChessBase"]
[SourceDate "2024.10.14"]
[SourceVersion "1"]
[SourceVersionDate "2024.10.14"]
[SourceQuality "1"]

1. e4 c5 2. Nf3 d6 3. d4 cxd4 4. Nxd4 Nf6 5. Nc3 a6 6. Qf3 Nbd7 7. Be2 e6 8. Be3 Qc7 9. g4 h6 10. 0-0-0 Ne5 11. Qg3 b5 12. f4 Nc4 13. g5 hxg5 14. fxg5 Nh5 15. Bxh5 Rxh5 16. Rhf1 g6 17. Qf2 Nxe3 18. Qxe3 b4 19. Nce2 e5 20. Nf3 Be6 21. Kb1 Rc8 22. Rd2 Qa5 23. b3 Qb5 24. Ng3 Rh3 25. Rfd1 a5 26. Qd3 Qb6 27. Qe2 a4 28. Qf2 Qa5 29. Qg2 Rh8 30. Nf1 a3 31. Rd3 Rc5 32. Ne3 Be7 33. Nd5 Bxd5 34. Rxd5 Kf8 35. Qf2 Rxd5 36. Rxd5 Qc7 37. Rd3 Kg7 38. h4 Rc8 39. Qd2 Qb7 40. Qe2 Rc5 41. Qe3 Qc6 42. Qe2 Bd8 43. Ne1 Bb6 44. Nf3 Rc3 45. Rd5 Re3 46. Qd1 Qc3 0-1

[Event "Bolton Easter op"]
[Site "Bolton"]
[Date "2018.03.30"]
[Round "1"]
[White "Hamilton, Selwyn L"]
[Black "Kobryn, Peter J"]
[Result "0-1"]
[WhiteElo "1668"]
[BlackElo "1969"]
[PlyCount "116"]
[EventDate "2018.03.30"]
[EventType "swiss"]
[EventRounds "5"]
[EventCountry "ENG"]
[SourceTitle "CBM 183 Extra"]
[Source "ChessBase"]
[SourceDate "2018.04.19"]
[SourceVersion "1"]
[SourceVersionDate "2018.04.19"]
[SourceQuality "1"]

1. c4 Nf6 2. Nf3 e6 3. g3 d5 4. d4 Be7 5. Bg2 0-0 6. Qc2 h6 7. Nbd2 Nbd7 8. 0-0 Re8 9. b3 c6 10. Bb2 b6 11. e4 Bb7 12. Rac1 Qb8 13. e5 Nh7 14. Rfe1 Rc8 15. Qb1 a5 16. a3 c5 17. dxc5 bxc5 18. a4 Nhf8 19. Ba1 Ng6 20. Re2 d4 21. Rce1 Bc6 22. h4 Qc7 23. h5 Ngf8 24. Nh2 Nb8 25. Bxc6 Nxc6 26. Nhf3 Ra7 27. Bb2 Rb7 28. Ba3 Rcb8 29. Qd3 Nd7 30. Re4 Re8 31. R4e2 Qb8 32. Qe4 Rb6 33. Qc2 Rc8 34. Kg2 Bd8 35. Qe4 Be7 36. Qf4 f6 37. Qg4 Ncxe5 38. Nxe5 Nxe5 39. Qe4 Bd8 40. f4 Nf7 41. Qg6 Qb7+ 42. Kg1 Qd7 43. Ne4 Be7 44. Nd2 Rbc6 45. Nf3 Rb8 46. Nd2 e5 47. Qe4 Rcb6 48. fxe5 fxe5 49. Qf3 Rf6 50. Qg2 Rf5 51. Ne4 Rc8 52. g4 Rf4 53. Nf2 Ng5 54. Kh1 Nf3 55. Rd1 Bh4 56. Bc1 Rf7 57. Rd3 Bxf2 58. Rxf3 Rxf3 0-1